African urban economies : (Record no. 7409)
[ view plain ]
| 000 -LEADER | |
|---|---|
| fixed length control field | 00760nam a22002172 4500 |
| 001 - CONTROL NUMBER | |
| control field | 0000007121 |
| 005 - DATE AND TIME OF LATEST TRANSACTION | |
| control field | 20151217152023.0 |
| 008 - FIXED-LENGTH DATA ELEMENTS--GENERAL INFORMATION | |
| fixed length control field | 071117s xx 000 0 eng d |
| 020 ## - INTERNATIONAL STANDARD BOOK NUMBER | |
| International Standard Book Number | 1403999473 : |
| Terms of availability | KES 7650 |
| 040 ## - CATALOGING SOURCE | |
| Original cataloging agency | KABU |
| Transcribing agency | KABU |
| 245 10 - TITLE STATEMENT | |
| Title | African urban economies : |
| Remainder of title | viability, vitality or vitiation / |
| Statement of responsibility, etc. | ed. by Deborah Fahy Bryceson and Deborah Potts. |
| 260 ## - PUBLICATION, DISTRIBUTION, ETC. (IMPRINT) | |
| Place of publication, distribution, etc. | Basingstoke, England : |
| Name of publisher, distributor, etc. | Palgrave Macmillan, |
| Date of publication, distribution, etc. | 2006. |
| 300 ## - PHYSICAL DESCRIPTION | |
| Extent | xiii, 353 p. |
| 650 #0 - SUBJECT ADDED ENTRY--TOPICAL TERM | |
| Topical term or geographic name as entry element | Africa |
| Topical term following geographic name as entry element | Economic conditions |
| Chronological subdivision | 1960-. |
| -- | 0000158188 |
| 650 #0 - SUBJECT ADDED ENTRY--TOPICAL TERM | |
| Topical term or geographic name as entry element | Cities and towns |
| Geographic subdivision | Africa. |
| -- | 0000158189 |
| 700 1# - ADDED ENTRY--PERSONAL NAME | |
| Personal name | Bryceson, Deborah Fahy. |
| -- | 0000158190 |
| 700 1# - ADDED ENTRY--PERSONAL NAME | |
| Personal name | Potts, Deborah. |
| -- | 0000158191 |
| 908 ## - PUT COMMAND PARAMETER (RLIN) | |
| Put command parameter | 071117 |
| 950 ## - LOCAL HOLDINGS (RLIN) | |
| -- | 1 |
| Withdrawn status | Lost status | Source of classification or shelving scheme | Not for loan | Home library | Current library | Date acquired | Total Checkouts | Full call number | Barcode | Date last seen | Price effective from | Koha item type |
|---|---|---|---|---|---|---|---|---|---|---|---|---|
| Library of Congress Classification | Kabarak, Main Campus | Kabarak, Main Campus | 17/12/2015 | HC800 .A372 | 011151 | 02/08/2024 | 17/12/2015 | General Collection | ||||
| Library of Congress Classification | Kabarak, Main Campus | Kabarak, Main Campus | 17/12/2015 | HC800 .A372 | 011150 | 17/12/2015 | 17/12/2015 | Africana Collection |